|
|
|
|
| LEADER |
00631nam#a2200217#a#4500 |
| 001 |
000832 |
| 005 |
20160721141758.0 |
| 008 |
950607s1982####xxu#################eng#d |
| 020 |
|
|
|a 0898740657
|
| 040 |
|
|
|a AR-BeUNQ
|
| 099 |
|
|
|a 30-B4
|
| 100 |
1 |
|
|a Bell, John Fred
|
| 245 |
0 |
2 |
|a A history of economic thought
|c John Fred Bell.
|
| 250 |
|
|
|a 2a. ed.
|
| 260 |
|
|
|a Florida :
|b R. Krieger,
|c 1982
|
| 300 |
|
|
|a 745 p
|
| 650 |
|
7 |
|a TEORIAS ECONOMICAS
|2 spines
|
| 650 |
|
7 |
|a HISTORIA DEL PENSAMIENTO ECONOMICO
|2 spines
|
| 929 |
|
|
|a COMPRA
|b Sub. de Coord. Universitaria
|d 4,00E
|e 19950607
|g Exp. 0342/95
|j 10808
|
| 942 |
|
|
|c LIB
|n 0
|
| 999 |
|
|
|c 3634
|d 79021
|